<?xml version="1.0" encoding="UTF-8"?><?xml-stylesheet type="text/xsl" href="static/style.xsl"?><OAI-PMH xmlns="http://www.openarchives.org/OAI/2.0/" xmlns:xsi="http://www.w3.org/2001/XMLSchema-instance" xsi:schemaLocation="http://www.openarchives.org/OAI/2.0/ http://www.openarchives.org/OAI/2.0/OAI-PMH.xsd"><responseDate>2026-04-27T19:44:31Z</responseDate><request verb="GetRecord" identifier="oai:uvadoc.uva.es:10324/2024" metadataPrefix="marc">https://uvadoc.uva.es/oai/request</request><GetRecord><record><header><identifier>oai:uvadoc.uva.es:10324/2024</identifier><datestamp>2021-06-23T16:45:26Z</datestamp><setSpec>com_10324_30605</setSpec><setSpec>com_10324_894</setSpec><setSpec>col_10324_41</setSpec></header><metadata><record xmlns="http://www.loc.gov/MARC21/slim" xmlns:doc="http://www.lyncode.com/xoai" xmlns:xsi="http://www.w3.org/2001/XMLSchema-instance" xmlns:dcterms="http://purl.org/dc/terms/" xsi:schemaLocation="http://www.loc.gov/MARC21/slim http://www.loc.gov/standards/marcxml/schema/MARC21slim.xsd">
<leader>00925njm 22002777a 4500</leader>
<datafield tag="042" ind1=" " ind2=" ">
<subfield code="a">dc</subfield>
</datafield>
<datafield tag="720" ind1=" " ind2=" ">
<subfield code="a">Miguel Gutiérrez, Adela Julita</subfield>
<subfield code="e">author</subfield>
</datafield>
<datafield tag="260" ind1=" " ind2=" ">
<subfield code="c">2012</subfield>
</datafield>
<datafield tag="520" ind1=" " ind2=" ">
<subfield code="a">Puesto que en ocasiones el queratocono pasa desapercibido en una exploración de oftalmología general y queda sin diagnosticar, se ha diseñado un procedimiento  que, mediante un refractómetro automático, permite determinar si existe una irregularidad en la curvatura corneal.&#xd;
El método se basa en medir la curvatura de dos puntos simétricos en dos meridianos perpendiculares entre sí, tomando una medida en cada extremo. En córneas sin astigmatismo o con astigmatismo regular estos puntos  tendrán la misma curvatura, por tanto, la misma refracción, luego la diferencia en valor absoluto de sus cilindros será teóricamente cero (los valores absolutos de la potencia de los cilindros serán iguales). Si existe diferencia, habrá una irregularidad corneal. Así se deduce de la refracción si la curvatura de dos puntos simétricos es igual o no. &#xd;
Una diferencia en un par de medidas refractométricas mayor o igual a 1,25, podría tratarse de un astigmatismo irregular o un queratocono.</subfield>
</datafield>
<datafield tag="024" ind2=" " ind1="8">
<subfield code="a">http://uvadoc.uva.es/handle/10324/2024</subfield>
</datafield>
<datafield tag="024" ind2=" " ind1="8">
<subfield code="a">b1650389</subfield>
</datafield>
<datafield tag="024" ind2=" " ind1="8">
<subfield code="a">10.35376/10324/2024</subfield>
</datafield>
<datafield ind1=" " ind2=" " tag="653">
<subfield code="a">Queratocono</subfield>
</datafield>
<datafield ind1=" " ind2=" " tag="653">
<subfield code="a">Córnea-Enfermedades-Diagnóstico</subfield>
</datafield>
<datafield ind1=" " ind2=" " tag="653">
<subfield code="a">Astigmatismo</subfield>
</datafield>
<datafield tag="245" ind1="0" ind2="0">
<subfield code="a">Evaluación de un método diagnóstico para la detección del queratocono mediante refractometría</subfield>
</datafield>
</record></metadata></record></GetRecord></OAI-PMH>